Online Catalogue and eLibrary

Political change after the cold war : (Record no. 5867)

MARC details
000 -LEADER
fixed length control field 00594cam a2200181 a 4500
001 - CONTROL NUMBER
control field 2537878
005 - DATE AND TIME OF LATEST TRANSACTION
control field 20240401015700.0
008 - FIXED-LENGTH DATA ELEMENTS--GENERAL INFORMATION
fixed length control field 930514s1992 ce b 000 0 eng
040 ## - CATALOGING SOURCE (பட்டியலாக்க மூலம்)
Original cataloging agency DLC
Transcribing agency DLC
Modifying agency DLC
082 00 - DDC Classification
Class No. 327.1/01
DDC Edition Number 20
245 00 - TITLE STATEMENT
Title Political change after the cold war :
Remainder of title problems of the nation state and international relations in Europe and Asia /
Statement of responsibility, etc. edited by Ulrich Everding.
260 ## - PUBLICATION, DISTRIBUTION, ETC.
Place of publication, distribution, etc. Colombo :
Name of publisher, distributor, etc. Goethe-Institut, German Cultural Institute,
Date of publication, distribution, etc. 1992.
300 ## - PHYSICAL DESCRIPTION
Extent (e.g. Volumes, Pages etc.) ii, 124 p. ;
500 ## - GENERAL NOTE
General note Cover title.
650 #0 - SUBJECT ADDED ENTRY--TOPICAL TERM
Topical term or geographic name entry element Nation-state.
700 1# - ADDED ENTRY--PERSONAL NAME
Personal name Everding, Ulrich.
942 ## - Koha item type (Biblio)
Koha item type

No items available.

© WERC Library